000
00309nam a22001337a 4500
008
170308b xxu||||| |||| 00| 0 eng d
020
_a
9780470084717
041
_a
eng
080
_2
12 ED
_a
611
100
_a
6
101
_a
SHM
245
_a
PRINCIPLES ANATOMY AND PHYSIOLOGY
_c
TORTORA.G.J
942
_2
udc
_c
BK
999
_c
7166
_d
7166